| 000 | 00431cam a2200181ua 4500 | ||
|---|---|---|---|
| 020 | _c36.00 | ||
| 041 |
_aeng _h |
||
| 082 |
_a028.73004 _bSIM/CO |
||
| 100 | _aSimmons, Ian . | ||
| 245 |
_aComputer dictionary / _cIan Simmons. _hTextual Documents |
||
| 250 |
_a1 / _b. |
||
| 260 |
_aNew Delhi : _bB P B Publishers , _c1991. |
||
| 300 | _a216 ; . | ||
| 365 | _a36.00 | ||
| 504 | _a | ||
| 942 | _cBK | ||
| 999 |
_c9872 _d9872 |
||